000 01054nam a22003257a 4500
003 CHAP
005 20220329133821.0
008 971013s1986 r 00010 d
010 _a11308
011 _a12280
035 _a14819
040 _cCHAP
082 _a629.28
_bN3Y
100 0 0 _aNash, Frederick C.
_980265
245 _aFundamentos de mecánica automotriz
260 _aMéxico, D. F. :
_bDiana,
_c1986
300 _a308 p.
_b: il.
590 _aBATCH-UPD
_b10
_c20130110
_lUCH01
_h2118
590 _aBATCH-UPD
_b10
_c20130410
_lUCH01
_h1428
590 _aBATCH-UPD
_b10
_c20130914
_lUCH01
_h0429
590 _aBATCH-UPD
_b10
_c20130914
_lUCH01
_h2047
590 _aCONVERSION
_b10
_c20130109
_lUCH01
_h1307
650 1 4 _aAutomóviles
_xMotores.
_98418
650 1 4 _aAutomóviles
_xReparación.
_98420
901 _aBK
942 _cLIBRO
949 _a629.2 N3
_bMA
_cLIBRO
_d-26994
_eLIBRO
_h868
_i14819
_si
949 _a629.28 N3Y
_bBC
_cLIBRO
_d-148352
_eLIBRO
_h16859
_i14819
_si
949 _a629.28 N3Y
_bBC
_cLIBRO
_d-148353
_eLIBRO
_fc.2
_h16891
_i14819
_si
999 _c11308
_d11308